<?xml version="1.0" encoding="UTF-8"?>
<collection xmlns="http://www.loc.gov/MARC21/slim">
 <record>
  <leader>01403nam a22002057a 4500</leader>
  <controlfield tag="001">NCT_4_024804</controlfield>
  <controlfield tag="008">250703b        xxu||||| |||| 00| 0 vie d</controlfield>
  <datafield tag="999" ind1=" " ind2=" ">
   <subfield code="c">9223</subfield>
   <subfield code="d">9223</subfield>
  </datafield>
  <datafield tag="020" ind1=" " ind2=" ">
   <subfield code="a">9786044927947</subfield>
   <subfield code="c">550000</subfield>
  </datafield>
  <datafield tag="082" ind1="0" ind2="4">
   <subfield code="2">23rd ed.</subfield>
   <subfield code="a">346.597043</subfield>
   <subfield code="b">L504Đ</subfield>
  </datafield>
  <datafield tag="245" ind1="0" ind2="0">
   <subfield code="a">Luật Đất đai (sửa đổi, bổ sung) và các văn bản hướng dẫn thi hành về giá đất bồi thường, hỗ trợ, tái định cư khi nhà nước thu hồi đất</subfield>
   <subfield code="c">Hữu Đại (hệ thống)</subfield>
  </datafield>
  <datafield tag="260" ind1=" " ind2=" ">
   <subfield code="a">H.</subfield>
   <subfield code="b">Lao động</subfield>
   <subfield code="c">2024</subfield>
  </datafield>
  <datafield tag="300" ind1=" " ind2=" ">
   <subfield code="a">655 tr.</subfield>
   <subfield code="c">28 cm</subfield>
  </datafield>
  <datafield tag="520" ind1="3" ind2=" ">
   <subfield code="a">Toàn văn nội dung Luật Đất đai sửa đổi, bổ sung năm 2024. Cung cấp một số quy định mới về giá đất; quy định về bồi thường, hỗ trợ tái định cư khi Nhà nước thu hồi đất; phát triển quỹ đất...</subfield>
  </datafield>
  <datafield tag="653" ind1=" " ind2=" ">
   <subfield code="a">Luật học</subfield>
  </datafield>
  <datafield tag="700" ind1="0" ind2=" ">
   <subfield code="a">Hữu Đại </subfield>
   <subfield code="e">hệ thống</subfield>
  </datafield>
  <datafield tag="942" ind1=" " ind2=" ">
   <subfield code="2">ddc</subfield>
   <subfield code="c">BK</subfield>
  </datafield>
  <datafield tag="952" ind1=" " ind2=" ">
   <subfield code="0">0</subfield>
   <subfield code="1">0</subfield>
   <subfield code="2">ddc</subfield>
   <subfield code="4">0</subfield>
   <subfield code="6">346_597043000000000_L504Đ</subfield>
   <subfield code="7">0</subfield>
   <subfield code="9">31170</subfield>
   <subfield code="a">000001</subfield>
   <subfield code="b">000001</subfield>
   <subfield code="d">2025-07-03</subfield>
   <subfield code="o">346.597043 L504Đ</subfield>
   <subfield code="p">MD.24155</subfield>
   <subfield code="r">2025-07-03</subfield>
   <subfield code="v">550000.00</subfield>
   <subfield code="w">2025-07-03</subfield>
   <subfield code="y">BK</subfield>
  </datafield>
  <datafield tag="952" ind1=" " ind2=" ">
   <subfield code="0">0</subfield>
   <subfield code="1">0</subfield>
   <subfield code="2">ddc</subfield>
   <subfield code="4">0</subfield>
   <subfield code="6">346_597043000000000_L504Đ</subfield>
   <subfield code="7">0</subfield>
   <subfield code="9">31171</subfield>
   <subfield code="a">000001</subfield>
   <subfield code="b">000001</subfield>
   <subfield code="d">2025-07-03</subfield>
   <subfield code="o">346.597043 L504Đ</subfield>
   <subfield code="p">MD.24156</subfield>
   <subfield code="r">2025-07-03</subfield>
   <subfield code="v">550000.00</subfield>
   <subfield code="w">2025-07-03</subfield>
   <subfield code="y">BK</subfield>
  </datafield>
  <datafield tag="980" ind1=" " ind2=" ">
   <subfield code="a">Thư viện Trường Đại học Nam Cần Thơ</subfield>
  </datafield>
 </record>
</collection>
